Fundamentals of Midwifery & Obstetrical Nursing (Record no. 1866)

MARC details
000 -LEADER
Fixed length control field 00584nam a22002177a 4500
003 - CONTROL NUMBER IDENTIFIER
Control field IIN
005 - DATE AND TIME OF LATEST TRANSACTION
Control field 20250722121952.0
008 - FIXED-LENGTH DATA ELEMENTS--GENERAL INFORMATION
Fixed length control field 250722s2019 |||acd|| |||| 001 0 eng d
020 ## - INTERNATIONAL STANDARD BOOK NUMBER / ISBN
International Standard Book Number 9788131253335
Price 705.00
040 ## - CATALOGING SOURCE
Original cataloging agency IIN
082 ## - DEWEY DECIMAL CLASSIFICATION NUMBER
Classification number 618.2
Book Number POD
100 ## - MAIN ENTRY--PERSONAL NAME
Personal name Podder, Lily
245 ## - TITLE STATEMENT
Title Fundamentals of Midwifery & Obstetrical Nursing
Statement of responsibility Lily Podder
260 ## - IMPRINT
Place of publication Haryana
Name of publisher Elsevier
Date of publication 2019
300 ## - PHYSICAL DESCRIPTION
Page / Vol. No xv, 475p.
Other physical details ill.
500 ## - GENERAL NOTE
General note Includes Index
650 ## - SUBJECT ADDED ENTRY--TOPICAL TERM
Topical term Midwifery
Form subdivision Nursing
650 ## - SUBJECT ADDED ENTRY--TOPICAL TERM
Topical term Obstetrics
Form subdivision Nursing
650 ## - SUBJECT ADDED ENTRY--TOPICAL TERM
Topical term Midwifery
Form subdivision Nursing
Chronological subdivision Obstetrics
942 ## - ADDED ENTRY ELEMENTS (KOHA)
Koha item type Books
Holdings
Withdrawn status Lost status Source of classification Damaged status Not for loan Collection code Home library Current library Shelving location Date acquired Price Total Checkouts Call number Accession number Date last seen Price effective from Koha item type
    Dewey Decimal Classification     Purches Book IDEAL INSTITUTE OF NURSING IDEAL INSTITUTE OF NURSING General Stacks 11/03/2025 705.00   618.2 POD 2115 22/07/2025 22/07/2025 Books
© Ideal Institute Of Nursing, All rights reserved.         Powered by Koha